[Event "7. Wunsiedel Schach-Festival Meistertur"]
[Site "Wunsiedel"]
[Date "2013.05.09"]
[Round "2.14"]
[White "Plat, Vojtech"]
[Black "Pokrupa, Marek"]
[Result "1-0"]
[WhiteElo "2455"]
[BlackElo "2160"]
[PlyCount "124"]
[EventDate "2013.05.09"]

1. d4 d5 2. Nf3 Nf6 3. c4 c6 4. Nc3 dxc4 5. a4 Bf5 6. e3 e6 7. Bxc4 Bb4 8. O-O
O-O 9. Qe2 Bg6 10. Ne5 Nbd7 11. Nxg6 hxg6 12. Bd2 e5 13. dxe5 Nxe5 14. Rad1
Nxc4 15. Qxc4 Qe7 16. Bc1 Rfd8 17. Na2 Ba5 18. b4 Rxd1 19. Rxd1 Rd8 20. Rxd8+
Bxd8 21. Nc3 Bc7 22. g3 Be5 23. Ne2 Qd7 24. Qc2 Qh3 25. f3 Qf5 26. Qxf5 gxf5
27. Bd2 Nd5 28. Kf2 Bd6 29. Nd4 g6 30. Nc2 Kf8 31. Ke2 c5 32. bxc5 Bxc5 33. Kd3
Ke7 34. e4 fxe4+ 35. fxe4 Nb6 36. a5 Nd7 37. Kc4 Bg1 38. h3 Ke6 39. Bc3 Ne5+
40. Kb3 Nf3 41. g4 Ng5 42. h4 Nxe4 43. Bg7 Nf6 44. Bxf6 Kxf6 45. Ne1 Be3 46.
Nf3 Ke6 47. Kc4 f5 48. g5 Bf2 49. Kd3 Kd5 50. Ke2 Bc5 51. Ne1 Ke4 52. Nd3 Be7
53. Nf2+ Kf4 54. Nd3+ Kg4 55. Ne5+ Kh5 56. Kf3 Bd6 57. Nf7 Bc7 58. Nh8 Kxh4 59.
Nxg6+ Kxg5 60. Ne7 Bxa5 61. Nc8 Bb6 62. Nd6 a5 1-0

[Event "7. Wunsiedel Schach-Festival Meistertur"]
[Site "Wunsiedel"]
[Date "2013.05.09"]
[Round "2.20"]
[White "Hahn, Florian"]
[Black "Stips, Felix"]
[Result "1/2-1/2"]
[WhiteElo "2060"]
[BlackElo "2283"]
[PlyCount "54"]
[EventDate "2013.05.09"]

1. d4 d5 2. Nf3 Nc6 3. g3 Bg4 4. Bg2 Qd7 5. Nbd2 Bh3 6. O-O O-O-O 7. Ne5 Nxe5
8. dxe5 h5 9. Nf3 h4 10. Qd4 hxg3 11. fxg3 Kb8 12. Be3 b6 13. a4 Bxg2 14. Kxg2
Nh6 15. Bxh6 Rxh6 16. a5 e6 17. axb6 cxb6 18. Qd3 f6 19. Ra6 Bc5 20. Rfa1 Rdh8
21. Rxa7 Qxa7 22. Rxa7 Kxa7 23. Qb5 fxe5 24. Qd7+ Ka6 25. Qa4+ Kb7 26. Qd7+ Ka6
27. Qa4+ Kb7 1/2-1/2

[Event "7. Wunsiedel Schach-Festival Meistertur"]
[Site "Wunsiedel"]
[Date "2013.05.09"]
[Round "2.18"]
[White "Keller, Peter"]
[Black "Schröder, Jan-Christian"]
[Result "1/2-1/2"]
[WhiteElo "2065"]
[BlackElo "2322"]
[PlyCount "77"]
[EventDate "2013.05.09"]

1. e4 e6 2. Nf3 d5 3. Nc3 d4 4. Ne2 c5 5. c3 Nf6 6. e5 Nfd7 7. cxd4 cxd4 8.
Nexd4 Nxe5 9. Bb5+ Nec6 10. O-O Bd7 11. Nb3 Be7 12. d4 O-O 13. a3 Na5 14. Bd3
Ba4 15. Nfd2 Nbc6 16. Bc2 Qd5 17. Nxa5 Bxc2 18. Qxc2 Nxa5 19. b4 Nc6 20. Nf3
Rfc8 21. Qa2 Qxa2 22. Rxa2 Bf6 23. Be3 a6 24. d5 exd5 25. Rd2 Rd8 26. Rfd1 Ne7
27. Bc5 a5 28. g4 Ng6 29. Rxd5 Rxd5 30. Rxd5 axb4 31. Bxb4 Rc8 32. Rc5 Rd8 33.
Rc7 Rd1+ 34. Kg2 Nf4+ 35. Kg3 Ne2+ 36. Kg2 Nf4+ 37. Kg3 Ne2+ 38. Kg2 Nf4+ 39.
Kg3 1/2-1/2

[Event "7. Wunsiedel Schach-Festival Meistertur"]
[Site "Wunsiedel"]
[Date "2013.05.09"]
[Round "2.11"]
[White "Lorenz, Mark"]
[Black "Wegerle, Jörg"]
[Result "0-1"]
[WhiteElo "2243"]
[BlackElo "2435"]
[PlyCount "102"]
[EventDate "2013.05.09"]

1. c4 Nf6 2. Nf3 e6 3. Nc3 d5 4. d4 Bb4 5. Bg5 O-O 6. e3 Nbd7 7. cxd5 exd5 8.
Bd3 c5 9. O-O Qa5 10. dxc5 Bxc3 11. bxc3 Qxc5 12. Qc2 b6 13. Rfd1 Bb7 14. Bf5
h6 15. Bh4 Rfe8 16. Rd4 Qc6 17. Rad1 Nc5 18. c4 dxc4 19. Qxc4 Ne6 20. Bxe6 Rxe6
21. Qxc6 Bxc6 22. Rd8+ Rxd8 23. Rxd8+ Re8 24. Rxe8+ Nxe8 25. Nd4 Bd5 26. a3 Nd6
27. Be7 Nc4 28. Nc2 f6 29. f3 Kf7 30. Bb4 Bc6 31. Kf2 a5 32. Bc3 Ba4 33. Nd4
Nxa3 34. e4 Bd7 35. Ke3 Nc4+ 36. Kd3 Ne5+ 37. Kc2 Ke7 38. h3 g5 39. Be1 Ng6 40.
Bg3 b5 41. Bc7 a4 42. Ba5 Nf4 43. g4 Nxh3 44. Bb4+ Kf7 45. Ne2 Be6 46. Kd2 Bc4
47. Nd4 Nf4 48. Nf5 Nd3 49. Nd6+ Ke6 50. Nxc4 bxc4 51. Ba3 Ne5 0-1

[Event "7. Wunsiedel Schach-Festival Meistertur"]
[Site "Wunsiedel"]
[Date "2013.05.09"]
[Round "2.4"]
[White "Löw, Gerald"]
[Black "Chatalbashev, Boris"]
[Result "0-1"]
[WhiteElo "2217"]
[BlackElo "2553"]
[Annotator "Media"]
[PlyCount "59"]
[EventDate "2013.05.09"]

1. c4 Nf6 2. g3 c6 3. Bg2 d5 4. Nf3 dxc4 5. O-O Nbd7 6. Na3 Nb6 7. Qc2 Be6 8.
Ne5 h5 9. Naxc4 Nxc4 10. Nxc4 h4 11. d3 hxg3 12. hxg3 g6 13. Bd2 Qc8 14. Rfe1
Bh3 15. Bf3 Bg7 16. a4 Bg4 17. Bg2 Qf5 18. Ne3 Qh5 19. Nxg4 Nxg4 20. Bxc6+ Kf8
21. Bg2 Be5 22. e3 Qh2+ 23. Kf1 Rh5 24. e4 Bxg3 25. fxg3 Qxg3 26. Bc3 Rd8 27.
d4 Qe3 28. Re2 Nh2+ 29. Ke1 Qf4 30. Qd2 {später 0-1, Rest der Partie nicht
lesbar} 0-1

[Event "7. Wunsiedel Schach-Festival Meistertur"]
[Site "Wunsiedel"]
[Date "2013.05.09"]
[Round "2.6"]
[White "Mihok, Laszlo"]
[Black "Pap, Misa"]
[Result "0-1"]
[WhiteElo "2151"]
[BlackElo "2476"]
[PlyCount "85"]
[EventDate "2013.05.09"]

1. d4 Nf6 2. Bg5 c5 3. Bxf6 gxf6 4. d5 Qb6 5. Qc1 f5 6. c4 Bg7 7. Nc3 d6 8. e3
Nd7 9. Qc2 Ne5 10. Nh3 h5 11. Nf4 h4 12. Be2 Bd7 13. Qb3 Qa5 14. h3 a6 15. O-O
Rb8 16. a4 Bh6 17. Kh2 Kd8 18. Ra3 Kc7 19. Na2 Qd2 20. Kg1 Bxf4 21. exf4 Qxf4
22. a5 b5 23. axb6+ Rxb6 24. Qc2 Qe4 25. Rc1 Rg8 26. f3 Qd4+ 27. Kf1 Rxb2 28.
Qc3 Qxc3 29. Nxc3 Bc8 30. Rb1 Rxb1+ 31. Nxb1 Ng6 32. Bd1 Nf4 33. Ra2 e5 34. Nc3
Nd3 35. Ba4 Nb4 36. Rd2 f4 37. Ne4 Rg6 38. Be8 Bf5 39. Bxf7 Bxe4 40. fxe4 Rg3
41. Bh5 Rc3 42. Be2 a5 43. Ke1 0-1

[Event "7. Wunsiedel Schach-Festival Meistertur"]
[Site "Wunsiedel"]
[Date "2013.05.09"]
[Round "2.2"]
[White "Schmid, Roland"]
[Black "Sumets, Andrey"]
[Result "0-1"]
[WhiteElo "2241"]
[BlackElo "2590"]
[PlyCount "73"]
[EventDate "2013.05.09"]

1. d4 Nf6 2. c4 e6 3. Nc3 Bb4 4. f3 O-O 5. a3 Bxc3+ 6. bxc3 Nh5 7. Nh3 f5 8.
Bg5 Qe8 9. e3 d6 10. Be2 e5 11. f4 Nf6 12. fxe5 dxe5 13. Nf2 Nbd7 14. c5 h6 15.
Bxf6 Nxf6 16. Bc4+ Be6 17. Qb3 Bxc4 18. Qxc4+ Kh7 19. O-O e4 20. Rab1 Rb8 21.
Rb2 Qe7 22. Rfb1 c6 23. Qe2 Nd5 24. Rb3 f4 25. exf4 e3 26. Nd3 Nxf4 27. Nxf4
Rxf4 28. Re1 Re8 29. g3 Re4 30. Qd3 Kg8 31. Rb2 h5 32. Qd1 e2 33. Qb3+ Kh8 34.
Qxb7 Qf6 35. Qa6 Qf3 36. Qxc6 Qxc3 37. Rbb1 0-1

[Event "7. Wunsiedel Schach-Festival Meistertur"]
[Site "Wunsiedel"]
[Date "2013.05.09"]
[Round "2.15"]
[White "Schulz, Lukas"]
[Black "Cech, Pavel"]
[Result "0-1"]
[WhiteElo "1887"]
[BlackElo "2395"]
[PlyCount "72"]
[EventDate "2013.05.09"]

1. e4 Nf6 2. Nc3 d6 3. Bc4 c6 4. d3 d5 5. exd5 cxd5 6. Bb3 Bg4 7. Nge2 Nc6 8.
h3 Bc8 9. O-O e6 10. Ng3 Bd6 11. Bg5 h6 12. Bxf6 Qxf6 13. Qg4 g6 14. Nb5 Be5
15. c3 a6 16. d4 Bb8 17. Na3 h5 18. Qd1 Bd6 19. Re1 O-O 20. Nc2 Na5 21. Ne3
Nxb3 22. Qxb3 b5 23. a4 Bd7 24. axb5 Bxb5 25. Qd1 Qf4 26. Qd2 a5 27. Nef1 Rfb8
28. Qxf4 Bxf4 29. Ne2 Bh6 30. b4 axb4 31. Rxa8 Rxa8 32. cxb4 Bg7 33. Nfg3 h4
34. Nc3 hxg3 35. Nxb5 Rb8 36. Na7 Bxd4 0-1

[Event "7. Wunsiedel Schach-Festival Meistertur"]
[Site "Wunsiedel"]
[Date "2013.05.09"]
[Round "2.9"]
[White "Werner, Claus"]
[Black "Kunin, Vitaly"]
[Result "0-1"]
[WhiteElo "2213"]
[BlackElo "2503"]
[PlyCount "120"]
[EventDate "2013.05.09"]

1. c4 e5 2. g3 Nc6 3. Nc3 f5 4. Bg2 Nf6 5. a3 g6 6. d3 Bg7 7. e3 O-O 8. Nge2 d6
9. O-O Be6 10. Nd5 Rb8 11. Bd2 Ne7 12. Nxe7+ Qxe7 13. Qa4 a6 14. Rae1 Kh8 15.
Bc3 Bg8 16. b4 h5 17. b5 Nd7 18. bxa6 Nc5 19. Qc2 Nxa6 20. Rb1 b6 21. d4 Bxc4
22. dxe5 d5 23. Nf4 Qe8 24. Nxd5 Bxf1 25. Bxf1 Nc5 26. Nf6 Bxf6 27. exf6 Kh7
28. Bg2 Rd8 29. Bd4 Qa4 30. Qc3 Ne6 31. Be5 Rd1+ 32. Rxd1 Qxd1+ 33. Bf1 Ng5 34.
Qxc7+ Rf7 35. Qd6 Nf3+ 36. Kg2 Ne1+ 37. Kg1 Nf3+ 38. Kg2 Ne1+ 39. Kg1 Qxd6 40.
Bxd6 Rxf6 41. Bb4 Nc2 42. Kg2 Nxb4 43. axb4 Rd6 44. h4 Rd2 45. Kf3 Kg7 46. Be2
Kf6 47. Bc4 Rb2 48. b5 Ke7 49. Bd3 Kd6 50. Bc4 Ke5 51. Bf7 Rxb5 52. Bxg6 Rc5
53. Bxh5 b5 54. Bf7 b4 55. Ke2 Rc2+ 56. Ke1 Ke4 57. Bg6 b3 58. Kd1 Rxf2 59. Kc1
Kxe3 60. h5 Kd4 0-1

[Event "7. Wunsiedel Schach-Festival Meistertur"]
[Site "Wunsiedel"]
[Date "2013.05.09"]
[Round "2.17"]
[White "Wunder, Stefan"]
[Black "Seyb, Alexander"]
[Result "0-1"]
[WhiteElo "2160"]
[BlackElo "2340"]
[PlyCount "82"]
[EventDate "2013.05.09"]

1. Nf3 g6 2. g3 Bg7 3. d4 c5 4. c3 Qa5 5. dxc5 Qxc5 6. Be3 Qc7 7. Bg2 Nf6 8. h3
O-O 9. O-O d6 10. Na3 Bd7 11. Nd4 Nc6 12. Rc1 Rac8 13. Qd2 Rfd8 14. Nab5 Qb8
15. f4 a6 16. Na3 d5 17. Nf3 b5 18. Nc2 Ne4 19. Qe1 b4 20. Ncd4 bxc3 21. bxc3
Na5 22. Ne5 Nc4 23. Nxc4 Rxc4 24. Bxe4 dxe4 25. g4 Qb2 26. Rc2 Qa3 27. f5 Rdc8
28. fxg6 hxg6 29. Qf2 Be8 30. Nb3 Rxc3 31. Rxc3 Rxc3 32. Bd4 Rxh3 33. Bxg7 Kxg7
34. Kg2 e3 35. Qf4 Rh8 36. Qd4+ Kg8 37. Rd1 Qxa2 38. Qc4 Qa4 39. Qxa4 Bxa4 40.
Rd8+ Kg7 41. Rxh8 Kxh8 0-1

[Event "7. Wunsiedel Schach-Festival Meistertur"]
[Site "Wunsiedel"]
[Date "2013.05.10"]
[Round "3.4"]
[White "Chatalbashev, Boris"]
[Black "Grandadam, Nicolas"]
[Result "1-0"]
[WhiteElo "2553"]
[BlackElo "2338"]
[PlyCount "105"]
[EventDate "2013.05.09"]

1. c4 c6 2. Nf3 d5 3. e3 Nf6 4. d4 Bg4 5. h3 Bxf3 6. Qxf3 e6 7. Bd3 Bb4+ 8. Bd2
Bxd2+ 9. Nxd2 Nbd7 10. cxd5 cxd5 11. g4 O-O 12. g5 Ne8 13. Qg3 Qc7 14. Qxc7
Nxc7 15. Rc1 Rac8 16. Ke2 Na8 17. a4 Nab6 18. a5 Rxc1 19. Rxc1 Rc8 20. Bc2 Nc4
21. Ba4 Nf8 22. Nxc4 Rxc4 23. Rxc4 dxc4 24. Kd2 f5 25. gxf6 gxf6 26. Be8 f5 27.
Kc3 Kg7 28. Kxc4 Kf6 29. Bh5 e5 30. dxe5+ Kxe5 31. Bf3 b6 32. axb6 axb6 33. Kb5
Nd7 34. b4 Kd6 35. Be2 Nf6 36. Bd3 f4 37. exf4 Kc7 38. Kc4 Kd6 39. Kb5 Kc7 40.
Kc4 Kd6 41. Kd4 h6 42. Bc4 Nh5 43. Ke4 Ng7 44. Bf7 Ke7 45. Bb3 Kf6 46. Bc4 Nh5
47. Be2 Ng7 48. Bg4 Ke7 49. Kd5 h5 50. Bd1 Ne6 51. Ke5 Nd8 52. Bb3 h4 53. Bd5
1-0

[Event "7. Wunsiedel Schach-Festival Meistertur"]
[Site "Wunsiedel"]
[Date "2013.05.10"]
[Round "3.16"]
[White "Feldtmann, Thomas"]
[Black "Keller, Peter"]
[Result "1-0"]
[WhiteElo "2290"]
[BlackElo "2065"]
[PlyCount "111"]
[EventDate "2013.05.09"]

1. d4 d5 2. c4 c6 3. Nf3 Nf6 4. Qc2 dxc4 5. Qxc4 Bg4 6. Nc3 Bxf3 7. gxf3 g6 8.
e4 Bg7 9. Be3 O-O 10. Be2 Nbd7 11. f4 b5 12. Qb3 Qa5 13. Bf3 b4 14. Na4 Rac8
15. Rc1 c5 16. dxc5 e5 17. c6 Nb6 18. Nxb6 axb6 19. fxe5 Qxe5 20. Qxb4 Rfe8 21.
O-O Nxe4 22. Bxe4 Qxe4 23. Qxe4 Rxe4 24. Rc2 Rb4 25. b3 Bd4 26. Rd1 Bxe3 27.
fxe3 Kf8 28. Rd4 Rb5 29. b4 Re5 30. a4 Rxe3 31. b5 Ra3 32. Rcd2 Ke8 33. Re4+
Kf8 34. Rd7 Kg7 35. Rc4 Ra2 36. Rf4 Kh6 37. Rfxf7 Rxa4 38. c7 Rc4 39. Kf2 Rc5
40. Kf3 Ra8 41. Rxh7+ Kg5 42. Rd1 Ra3+ 43. Ke4 Rac3 44. Rd5+ Kf6 45. Rd6+ Kg5
46. h4+ Kg4 47. Rxg6+ Kh3 48. Rd6 R3c4+ 49. Rd4 Rc1 50. Rd3+ Kg4 51. h5 Rxb5
52. Rg7+ Kh4 53. h6 Re1+ 54. Re3 Rb4+ 55. Kf3 Rf1+ 56. Kg2 1-0

[Event "7. Wunsiedel Schach-Festival Meistertur"]
[Site "Wunsiedel"]
[Date "2013.05.10"]
[Round "3.19"]
[White "Hilverda, Alexander"]
[Black "Wunder, Stefan"]
[Result "1-0"]
[WhiteElo "2339"]
[BlackElo "2160"]
[PlyCount "59"]
[EventDate "2013.05.09"]

1. d4 g6 2. c4 Bg7 3. Nc3 d6 4. Nf3 Nd7 5. e4 c6 6. Be2 Ngf6 7. e5 Ng8 8. exd6
exd6 9. Bf4 Ndf6 10. d5 Nh5 11. Bg5 Bxc3+ 12. bxc3 f6 13. Be3 c5 14. Nd2 Ng7
15. Ne4 Kf7 16. Bf4 Ne8 17. g4 Qe7 18. Qd3 Bxg4 19. Bxg4 f5 20. f3 fxe4 21.
Be6+ Kg7 22. fxe4 Nc7 23. O-O Nf6 24. e5 dxe5 25. Bxe5 Nce8 26. Rf2 Rd8 27. Qh3
h5 28. Raf1 Rf8 29. Qh4 Rd6 30. Qg5 1-0

[Event "7. Wunsiedel Schach-Festival Meistertur"]
[Site "Wunsiedel"]
[Date "2013.05.10"]
[Round "3.9"]
[White "Kunin, Vitaly"]
[Black "Klek, Hanna Marie"]
[Result "1-0"]
[WhiteElo "2503"]
[BlackElo "2267"]
[PlyCount "59"]
[EventDate "2013.05.09"]

1. d4 d5 2. Nf3 Nf6 3. c4 e6 4. g3 Bb4+ 5. Bd2 Bd6 6. Nc3 O-O 7. Bg5 c6 8. Bg2
Nbd7 9. e4 dxe4 10. Nxe4 Bb4+ 11. Nc3 c5 12. O-O cxd4 13. Qxd4 Nc5 14. Qe3 Qd3
15. Nb5 Ng4 16. Qf4 e5 17. Nxe5 Nxe5 18. Qxe5 Qxc4 19. Nd6 Qe6 20. Qd4 Na6 21.
Nxc8 Qxc8 22. Rac1 Qf5 23. Be3 Rfd8 24. Qe4 Qxe4 25. Bxe4 Rd7 26. Rfd1 Re7 27.
Bf3 h6 28. Rd5 Nc7 29. Rd4 Ba5 30. Ra4 1-0

[Event "7. Wunsiedel Schach-Festival Meistertur"]
[Site "Wunsiedel"]
[Date "2013.05.10"]
[Round "3.18"]
[White "Plat, Vojtech"]
[Black "Hahn, Florian"]
[Result "1-0"]
[WhiteElo "2373"]
[BlackElo "2029"]
[PlyCount "77"]
[EventDate "2013.05.09"]

1. e4 c5 2. Nf3 e6 3. d4 cxd4 4. Nxd4 Nc6 5. Nc3 Qc7 6. g3 a6 7. Bg2 d6 8. O-O
Bd7 9. Re1 Be7 10. Nf5 exf5 11. Nd5 Qd8 12. Be3 Kf8 13. Bb6 Qc8 14. exf5 Bd8
15. Bxd8 Qxd8 16. Nb6 Bxf5 17. Nxa8 Be6 18. Qd3 Qxa8 19. Bxc6 bxc6 20. Qxd6+
Ne7 21. Rad1 Qe8 22. Rd3 g6 23. Qe5 Kg8 24. Red1 Nd5 25. c4 f6 26. Qe1 Qc8 27.
cxd5 Bxd5 28. Re3 Kg7 29. Qb4 g5 30. f4 Qh3 31. Qe7+ Kg6 32. f5+ Kh5 33. Rxd5
cxd5 34. Qf7+ Kg4 35. Qxd5 Kh5 36. Qf7+ Kg4 37. Rd3 Qh6 38. Rd4+ Kxf5 39. g4+
1-0

[Event "7. Wunsiedel Schach-Festival Meistertur"]
[Site "Wunsiedel"]
[Date "2013.05.10"]
[Round "3.13"]
[White "Schröder, Jan-Christian"]
[Black "Martin Fernandez, Rodrigo"]
[Result "1-0"]
[WhiteElo "2322"]
[BlackElo "2154"]
[PlyCount "59"]
[EventDate "2013.05.09"]

1. e4 c5 2. Nf3 Nc6 3. d4 cxd4 4. Nxd4 Qb6 5. Nb3 Nf6 6. Nc3 e6 7. Bd3 a6 8.
O-O Be7 9. Be3 Qc7 10. Na4 b5 11. Nb6 Rb8 12. Nxc8 Qxc8 13. f4 d6 14. a3 O-O
15. Kh1 Rd8 16. Nd4 d5 17. e5 Ne4 18. Qf3 f5 19. exf6 Bxf6 20. Nxc6 Qxc6 21. c3
g6 22. Rae1 Nd6 23. Ba7 Rb7 24. Rxe6 Bxc3 25. bxc3 Rxa7 26. f5 gxf5 27. Bxf5
Qc5 28. Qg3+ Rg7 29. Bxh7+ Kh8 30. Qh4 1-0

[Event "7. Wunsiedel Schach-Festival Meistertur"]
[Site "Wunsiedel"]
[Date "2013.05.10"]
[Round "3.5"]
[White "Seyb, Alexander"]
[Black "Miezis, Normunds"]
[Result "1-0"]
[WhiteElo "2340"]
[BlackElo "2543"]
[PlyCount "57"]
[EventDate "2013.05.09"]

1. e4 c5 2. Nf3 e6 3. d4 cxd4 4. Nxd4 a6 5. Bd3 Nc6 6. Nxc6 dxc6 7. Nd2 Qc7 8.
Qg4 e5 9. Qg3 Ne7 10. Nc4 Ng6 11. Be3 Be6 12. Bb6 Qe7 13. O-O-O f6 14. Bf1 Qf7
15. b3 Be7 16. Nd6+ Bxd6 17. Rxd6 Nf8 18. Be2 Nd7 19. Rxe6+ Kf8 20. Bc7 Qxe6
21. Bc4 Qe7 22. Rd1 Nc5 23. Bd6 Qxd6 24. Rxd6 Nxe4 25. Qd3 Nxd6 26. Qxd6+ Ke8
27. Qc7 Rf8 28. Qxb7 Rd8 29. Qxc6+ 1-0

[Event "7. Wunsiedel Schach-Festival Meistertur"]
[Site "Wunsiedel"]
[Date "2013.05.10"]
[Round "3.14"]
[White "Stips, Felix"]
[Black "Berthold, Andreas"]
[Result "1-0"]
[WhiteElo "2283"]
[BlackElo "2144"]
[PlyCount "37"]
[EventDate "2013.05.09"]

1. Nf3 Nf6 2. c4 b6 3. g3 Bb7 4. Bg2 c5 5. O-O g6 6. Nc3 Bg7 7. d4 cxd4 8. Qxd4
O-O 9. Qh4 Qc8 10. Bg5 Na6 11. Rac1 Nc5 12. Nd5 Nxd5 13. cxd5 f6 14. Bd2 Qe8
15. b4 Na6 16. Qc4 Qf7 17. Nd4 Rfc8 18. Qb5 Qe8 19. d6 1-0

[Event "7. Wunsiedel Schach-Festival Meistertur"]
[Site "Wunsiedel"]
[Date "2013.05.10"]
[Round "3.11"]
[White "Wegerle, Jörg"]
[Black "Brem, Stephan"]
[Result "1-0"]
[WhiteElo "2435"]
[BlackElo "2074"]
[PlyCount "53"]
[EventDate "2013.05.09"]

1. e4 g6 2. d4 Bg7 3. Nc3 c6 4. Be3 d5 5. Qd2 dxe4 6. Nxe4 Bf5 7. Ng3 Be6 8.
Nf3 Nf6 9. Be2 Nbd7 10. Ng5 Bd5 11. c4 h6 12. cxd5 hxg5 13. dxc6 bxc6 14. Bxg5
Nb6 15. O-O Nfd5 16. Rac1 Qd6 17. h3 f6 18. Ne4 Qd7 19. Bg4 f5 20. Nc5 Qd6 21.
Bf3 Kf7 22. Rfe1 e5 23. Nb7 Qd7 24. Bxd5+ Nxd5 25. Na5 f4 26. dxe5 Rae8 27.
Nxc6 1-0

[Event "7. Wunsiedel Schach-Festival Meistertur"]
[Site "Wunsiedel"]
[Date "2013.05.10"]
[Round "3.6"]
[White "Pap, Misa"]
[Black "Lampert, Jonas"]
[Result "1/2-1/2"]
[WhiteElo "2476"]
[BlackElo "2333"]
[PlyCount "61"]
[EventDate "2013.05.09"]

1. e4 e5 2. Nf3 Nf6 3. d4 Nxe4 4. Bd3 d5 5. dxe5 Nc5 6. Be2 Be7 7. O-O Nc6 8.
Nc3 Be6 9. Bb5 O-O 10. Re1 f6 11. Bxc6 bxc6 12. Nd4 Qd7 13. Bf4 Bg4 14. f3 Ne6
15. exf6 Bxf6 16. Be3 Bxd4 17. Bxd4 Bh5 18. Na4 Qf7 19. Nc5 Ng5 20. Re3 Rae8
21. Qd3 Bxf3 22. Rf1 Rxe3 23. Bxe3 Qh5 24. Bxg5 Qxg5 25. Rf2 Qc1+ 26. Rf1 Qg5
27. Rxf3 Rxf3 28. Qxf3 Qc1+ 29. Qf1 Qe3+ 30. Qf2 Qc1+ 31. Qf1 1/2-1/2

[Event "7. Wunsiedel Schach-Festival Meistertur"]
[Site "Wunsiedel"]
[Date "2013.05.10"]
[Round "3.7"]
[White "Pohl-Kuemmel, J."]
[Black "Del Rio De Angelis, S."]
[Result "1/2-1/2"]
[WhiteElo "2296"]
[BlackElo "2484"]
[PlyCount "71"]
[EventDate "2013.05.09"]

1. d4 d6 2. Nf3 Bg4 3. Nbd2 Nf6 4. e4 e6 5. Bd3 Be7 6. O-O O-O 7. c3 c5 8. dxc5
dxc5 9. Qc2 h6 10. Ne5 Bh5 11. a4 Nbd7 12. Ndc4 Nxe5 13. Nxe5 Qc7 14. f4 Rad8
15. h3 Nd7 16. Nc4 Nb6 17. Nxb6 Qxb6 18. Be3 f6 19. Bc4 Qc6 20. f5 Bf7 21. fxe6
Bxe6 22. Qb3 Bxc4 23. Qxc4+ Kh7 24. Rfd1 Qa6 25. Qxa6 bxa6 26. Kf1 Kg6 27. Ke2
Kf7 28. Rxd8 Rxd8 29. Rd1 Rxd1 30. Kxd1 Ke6 31. Ke2 Kd7 32. Kd3 Kc6 33. Kc4 a5
34. g4 Bd6 35. Bf2 a6 36. Be3 1/2-1/2

[Event "7. Wunsiedel Schach-Festival Meistertur"]
[Site "Wunsiedel"]
[Date "2013.05.10"]
[Round "3.2"]
[White "Sumets, Andrey"]
[Black "Mihok, Oliver"]
[Result "1/2-1/2"]
[WhiteElo "2590"]
[BlackElo "2446"]
[PlyCount "35"]
[EventDate "2013.05.09"]

1. d4 d5 2. c4 c6 3. cxd5 cxd5 4. Nc3 Nf6 5. Bf4 Nc6 6. e3 Bf5 7. Qb3 Na5 8.
Qa4+ Bd7 9. Bb5 e6 10. Nf3 a6 11. Bxd7+ Nxd7 12. O-O b5 13. Qc2 Rc8 14. Qd3 Be7
15. Rfc1 O-O 16. Ne2 Qb6 17. Rc2 Rxc2 18. Qxc2 1/2-1/2

[Event "7. Wunsiedel Schach-Festival Meistertur"]
[Site "Wunsiedel"]
[Date "2013.05.10"]
[Round "3.3"]
[White "Cech, Pavel"]
[Black "Buhmann, Rainer"]
[Result "0-1"]
[WhiteElo "2395"]
[BlackElo "2578"]
[PlyCount "56"]
[EventDate "2013.05.09"]

1. d4 d5 2. c4 e6 3. Nc3 Nf6 4. Bg5 Be7 5. Nf3 h6 6. Bh4 O-O 7. e3 b6 8. Bd3
Bb7 9. O-O Nbd7 10. Qe2 c5 11. Rfd1 cxd4 12. exd4 Rc8 13. Ne5 Re8 14. Rac1 dxc4
15. Bxc4 Nd5 16. Bxe7 Rxe7 17. Nxd5 exd5 18. Bb5 f6 19. Rxc8 Qxc8 20. Bxd7 Qxd7
21. Nxd7 Rxe2 22. Rc1 Bc6 23. Nb8 Bb5 24. h4 Rxb2 25. Rc8+ Kh7 26. Rd8 Rxa2 27.
Rxd5 Rb2 28. Nd7 Kg8 0-1

[Event "7. Wunsiedel Schach-Festival Meistertur"]
[Site "Wunsiedel"]
[Date "2013.05.10"]
[Round "3.20"]
[White "Hebbering, Tom Elliot"]
[Black "Holm, Sejer"]
[Result "0-1"]
[WhiteElo "2002"]
[BlackElo "2244"]
[PlyCount "80"]
[EventDate "2013.05.09"]

1. d4 d5 2. c4 e6 3. Nf3 Nf6 4. g3 dxc4 5. Bg2 c5 6. O-O Nc6 7. Qa4 Bd7 8. Qxc4
b5 9. Qd3 Rc8 10. dxc5 Bxc5 11. Nc3 Nb4 12. Qd1 O-O 13. Bg5 Bc6 14. Qxd8 Rfxd8
15. a3 Nbd5 16. Nxd5 Bxd5 17. Rac1 h6 18. Bxf6 gxf6 19. Rfd1 Bb6 20. e3 Kg7 21.
h3 f5 22. Rxc8 Rxc8 23. Nd4 Bxg2 24. Kxg2 a6 25. Rd2 Kf6 26. Nf3 Rc6 27. Nd4
Rc4 28. Nf3 Bc7 29. Kf1 e5 30. Ke2 Ke6 31. Ne1 a5 32. Rc2 Rxc2+ 33. Nxc2 Kd5
34. b3 Bd6 35. Kd3 e4+ 36. Kc3 Be5+ 37. Kd2 Bb2 38. Ke2 a4 39. bxa4 bxa4 40. f3
h5 0-1

[Event "7. Wunsiedel Schach-Festival Meistertur"]
[Site "Wunsiedel"]
[Date "2013.05.10"]
[Round "3.17"]
[White "Kirschneck, Toralf"]
[Black "Schulz, Karsten"]
[Result "0-1"]
[WhiteElo "2041"]
[BlackElo "2298"]
[PlyCount "70"]
[EventDate "2013.05.09"]

1. d4 d6 2. e4 Nf6 3. Bd3 g6 4. c3 Bg7 5. Nf3 O-O 6. O-O Nc6 7. Bg5 h6 8. Bxf6
Bxf6 9. b4 a6 10. a4 b6 11. Nbd2 Bb7 12. Nc4 e6 13. Qd2 Bg7 14. Rfe1 Ne7 15.
Ne3 Qd7 16. a5 b5 17. Rac1 c5 18. Bb1 cxb4 19. cxb4 Rac8 20. h3 Rxc1 21. Rxc1
Rc8 22. Rxc8+ Qxc8 23. Kf1 Qa8 24. Qc2 f5 25. Qc7 Bf8 26. Qxd6 Qc8 27. Ba2 Nd5
28. Qg3 Nxe3+ 29. fxe3 Kh7 30. exf5 exf5 31. Bf7 g5 32. Nxg5+ hxg5 33. Qxg5
Qc1+ 34. Kf2 Qd2+ 35. Kg1 Qe1+ 0-1

[Event "7. Wunsiedel Schach-Festival Meistertur"]
[Site "Wunsiedel"]
[Date "2013.05.10"]
[Round "3.10"]
[White "Pokrupa, Marek"]
[Black "Maiwald, Jens-Uwe"]
[Result "0-1"]
[WhiteElo "2160"]
[BlackElo "2466"]
[PlyCount "60"]
[EventDate "2013.05.09"]

1. c4 e5 2. g3 d6 3. Nc3 f5 4. Bg2 Nf6 5. d3 Be7 6. e4 c6 7. Nge2 O-O 8. O-O
Qe8 9. f3 Na6 10. Be3 fxe4 11. dxe4 Be6 12. b3 Nc5 13. Qc2 a5 14. Rad1 Qh5 15.
Nc1 Nfd7 16. Rf2 a4 17. Nd3 axb3 18. axb3 Nxd3 19. Qxd3 h6 20. Ra2 Rxa2 21.
Nxa2 Ra8 22. Qc2 Qe8 23. Nb4 Qd8 24. Qb2 Qb8 25. Ra1 Bd8 26. Nd3 Rxa1+ 27. Qxa1
b5 28. Nb4 bxc4 29. Nxc6 Qxb3 30. Bd2 Qb6+ 0-1

[Event "7. Wunsiedel Schach-Festival Meistertur"]
[Site "Wunsiedel"]
[Date "2013.05.10"]
[Round "3.15"]
[White "Röhl, Rainer"]
[Black "Troyke, Christian"]
[Result "0-1"]
[WhiteElo "2115"]
[BlackElo "2326"]
[PlyCount "80"]
[EventDate "2013.05.09"]

1. e4 g6 2. Nf3 c5 3. d4 cxd4 4. Nxd4 Bg7 5. Be2 Nf6 6. Nd2 O-O 7. O-O Nc6 8.
Nxc6 bxc6 9. Re1 d5 10. exd5 cxd5 11. Bf3 Qc7 12. c4 Bb7 13. Qe2 e6 14. b3 Rfd8
15. Bb2 Ng4 16. Bxg4 Bxb2 17. Rab1 Bc3 18. Red1 Rac8 19. Qe3 Be5 20. g3 Bd6 21.
cxd5 Bc5 22. Qe2 Bxd5 23. Bf3 Bb6 24. Bxd5 exd5 25. Nf3 Qc2 26. Qd2 Qe4 27. Ne1
h5 28. h4 Rc6 29. Qd3 Qg4 30. Kg2 Rf6 31. Rb2 Re8 32. f3 Qd7 33. Re2 Rxe2+ 34.
Qxe2 Re6 35. Qf1 Qe7 36. Nd3 Re2+ 37. Kh1 Rxa2 38. Nf4 Rf2 39. Qd3 Qe5 40. Rc1
Qb2 0-1